Isle of Wight Places - Sudden Death - Statistics

General Stats
  • This quiz has been taken 38 times
  • The average score is 9 of 12
Answers on the Grid
Answers color-coded by a green-red scale on the quiz's grid according to % correct below.
Bembridge
Brading
Cowes
Farnham
Fleetwood
Freshwater
Gosport
Leek
Lymington
Minehead
Newport
Newquay
Portsmouth
Ramsgate
Ryde
Sandown
Scarborough
Shanklin
Ventnor
Widnes
Wootton Bridge
Worthing
Wroxall
Yarmouth
 
Answer Stats
Answer % Correct
Cowes
86%
Freshwater
83%
Ryde
83%
Sandown
79%
Bembridge
72%
Ventnor
72%
Newport
69%
Shanklin
69%
Brading
66%
Wroxall
62%
Yarmouth
62%
Wootton Bridge
59%
No matching quizzes found
Score Distribution
Percent of People with Each Score
Percentile by Number Answered
Your Score History
You have not taken this quiz